00980nam a22003017a 45000010005000000030006000050050017000110080041000280200018000690400029000870500016001160820008001321000020001402450039001602500018001992600052002173000049002694900023003185050008003415200134003495210030004835210021005136500024005346500019005586500034005776500042006116500025006537458FISKH20250716160239.0250716b cb ||||| |||| 00| 0 eng d a9780060098964 aFISKHbengcFISKHdFISKH aPZ7.D3696 R a468 aDelacre, Lulu  aRafi and Rosi / cBy Lulu Delacre  aFirst Edition aNew York : bHarper Collins Publishers ,c2004. a63 pages : bcolor illustrations ;c23 cm .  aAn I can read book aH  a"Rafi and Rosi, two curious tree frogs, explore the bomba, plena, and salsa music traditions of their home island, Puerto Rico"--8 a430 bLexile estimate 8 aH bRaz-Plus  aTree-frogsvFiction aFrog vFiction aBrothers and sistersvFiction aNatural history-Puerto RicovFiction  aPuerto RicovFiction